Female World Leaders Quiz - Statistics

General Stats
  • This quiz has been taken 497 times
    67 since last reset
  • The average score is 14 of 34
Answer Stats
Position Years Leader % Correct
German Chancellor 2005-2021 Angela Merkel
98%
British P.M. 1979-1990 Margaret Thatcher
97%
American V.P. 2021-2025 Kamala Harris
90%
Indian P.M. 1966-1977 1980-1984 Indira Gandhi
88%
British P.M. 2016-2019 Theresa May
88%
British P.M. 2022 Liz Truss
81%
Israeli P.M. 1969-1974 Golda Meir
80%
Italian P.M. 2022- Giorgia Meloni
69%
Argentine President 1974-1976 Isabel Perón
64%
Pakistani P.M. 1988-1990 1993-1996 Benazir Bhutto
59%
New Zealand P.M. 2017-2023 Jacinda Ardern
49%
Mexican President 2024- Claudia Sheinbaum
47%
E.U. President 2019- Ursula von der Leyen
47%
Brazilian President 2011-2016 Dilma Rousseff
34%
Australian P.M. 2010-2013 Julia Gillard
34%
Danish P.M. 2019- Mette Frederiksen
32%
State Counsellor of Myanmar 2016-2021 Aung San Suu Kyi
29%
Philippine President 1986-1992 Corazon Aquino
29%
Argentine President 2007-2015 Cristina Fernández de Kirchner
29%
South Korean President 2013-2017 Park Geun-hye
29%
Liberian President 2006-2018 Ellen Johnson Sirleaf
20%
Bangladeshi P.M. 2009-2024, 1996-2001 Sheikh Hasina
20%
Ukrainian P.M. 2007-2010 2005 Yulia Tymoshenko
20%
Swedish P.M. 2021-2022 Magdalena Andersson
19%
Taiwanese President 2016-2024 Tsai Ing-wen
19%
Bangladeshi P.M. 2001-2006,1991-1996 Khaleda Zia
17%
Canadian P.M. 1993 Kim Campbell
17%
Peruvian President 2022- Dina Boluarte
15%
Norwegian P.M. 2013-2021 Erna Solberg
15%
Chilean President 2014-20182006-2010 Michelle Bachelet
15%
Japanese P.M. 2025- Sanae Takaichi
15%
Thai P.M. 2024-2025 Paetongtarn Shinawatra
10%
Honduran President 2022- Xiomara Castro
10%
Turkish P.M. 1993-1996 Tansu Çiller
8%
No matching quizzes found
Score Distribution
Percent of People with Each Score
Percentile by Number Answered
Your Score History
You have not taken this quiz since the last reset